5HLuxD.jpg

KING HENRY VIII SENIOR AND PRIMARY SCHOOL LIBRARY OPAC

The Looking Glass Wars / (Record no. 892)

000 -LEADER
fixed length control field 01360cam a2200289 a 4500
001 - CONTROL NUMBER
control field .b26432742
003 - CONTROL NUMBER IDENTIFIER
control field OCoLC
005 - DATE AND TIME OF LATEST TRANSACTION
control field 20191226082731.0
008 - FIXED-LENGTH DATA ELEMENTS--GENERAL INFORMATION
fixed length control field 070321s2007 nyuabf 000 1 eng d
020 ## - INTERNATIONAL STANDARD BOOK NUMBER
International Standard Book Number 0142409413 (pbk.)
020 ## - INTERNATIONAL STANDARD BOOK NUMBER
International Standard Book Number 9780142409411 (pbk.)
035 ## - SYSTEM CONTROL NUMBER
System control number (OCoLC)148994733
040 ## - CATALOGING SOURCE
Original cataloging agency BTCTA
Transcribing agency BTCTA
Modifying agency BAKER
-- IHI
-- AU@
-- OZA
-- NTNU
042 ## - AUTHENTICATION CODE
Authentication code nbic
082 ## - DEWEY DECIMAL CLASSIFICATION NUMBER
Classification number FIC BED
100 1# - MAIN ENTRY--PERSONAL NAME
Personal name Beddor, Frank.
Relator term author
245 14 - TITLE STATEMENT
Title The Looking Glass Wars /
Statement of responsibility, etc. by Frank Beddor.
260 ## - PUBLICATION, DISTRIBUTION, ETC.
Place of publication, distribution, etc. New York, N.Y. :
Name of publisher, distributor, etc. Speak,
Date of publication, distribution, etc. 2007.
300 ## - PHYSICAL DESCRIPTION
Extent 358, 12 p., [8] p. of plates :
Other physical details ill. (some col.), map ;
Dimensions 21 cm.
500 ## - GENERAL NOTE
General note First published in the U.S. by Dial Books, 2006.
500 ## - GENERAL NOTE
General note Includes a time line and preview of Seeing Redd!, the second book in the Looking Glass Wars trilogy.
520 ## - SUMMARY, ETC.
Summary, etc. When her evil aunt Redd kills her parents and seizes the throne, young Alyss Heart is forced to flee Wonderland through the Pool of Tears. She finds herself living in Victorian Oxford as Alice Liddell and struggles to keep memories of her kingdom intact until she can return and claim her rightful throne.
600 10 - SUBJECT ADDED ENTRY--PERSONAL NAME
Personal name Hargreaves, Alice Pleasance Liddell,
Dates associated with a name 1852-1934
Form subdivision Juvenile fiction.
650 #0 - SUBJECT ADDED ENTRY--TOPICAL TERM
Topical term or geographic name entry element Characters and characteristics in literature
Form subdivision Juvenile fiction.
650 #0 - SUBJECT ADDED ENTRY--TOPICAL TERM
Topical term or geographic name entry element Inheritance and succession
Form subdivision Juvenile fiction.
942 ## - ADDED ENTRY ELEMENTS (KOHA)
Source of classification or shelving scheme
Koha item type Books - Fiction
Holdings
Withdrawn status Lost status Source of classification or shelving scheme Damaged status Not for loan Collection code Permanent Location Current Location Shelving location Date acquired Total Checkouts Full call number Barcode Date last seen Date last checked out Price effective from Koha item type
          Fiction KH8 Senior School Library KH8 Senior School Library Fiction 2019-12-26 2 FIC BED 3KHSL000101646 2024-07-16 2020-02-06 2019-12-26 Books - Fiction

Powered By KH8 IT Dept